The autobiography of Malcolm X / (Record no. 611543)
[ view plain ]
| 000 -LEADER | |
|---|---|
| fixed length control field | 01139nam a22002537a 4500 |
| 020 ## - INTERNATIONAL STANDARD BOOK NUMBER | |
| International Standard Book Number | 9780345350688 |
| 040 ## - CATALOGING SOURCE | |
| Transcribing agency | PAK-NSHSNUST |
| 082 ## - DEWEY DECIMAL CLASSIFICATION NUMBER | |
| Classification number | 320.546092 |
| Author Mark | X |
| 100 10 - MAIN ENTRY--PERSONAL NAME | |
| Personal name | X, Malcolm, |
| Dates associated with a name | 1925-1965 |
| 9 (RLIN) | 93751 |
| 245 #4 - TITLE STATEMENT | |
| Title | The autobiography of Malcolm X / |
| Statement of responsibility, etc. | with the assistance of Alex Haley foreword by Attallah Shabazz introduction by M. S. handler epilogue by Alex Halay. |
| 260 ## - PUBLICATION, DISTRIBUTION, ETC. | |
| Place of publication, distribution, etc. | New York : |
| Name of publisher, distributor, etc. | Ballantine Books , |
| Date of publication, distribution, etc. | 2015. |
| 300 ## - PHYSICAL DESCRIPTION | |
| Extent | xxv; 466 pages : |
| Dimensions | 17 cm |
| 500 ## - GENERAL NOTE | |
| General note | " A great book... its dead level honesty, its passion, its exalted purpose, will make it stand as a monument to the most painful truth." -- The Nation<br/> |
| 500 ## - GENERAL NOTE | |
| General note | "The book will have a permanent place in the literature of the Afro- American." -- I. F. Stone |
| 546 ## - LANGUAGE NOTE | |
| Language note | In English. |
| 600 10 - SUBJECT ADDED ENTRY--PERSONAL NAME | |
| Personal name | X, Malcolm, |
| Dates associated with a name | 1925-1965 |
| 9 (RLIN) | 93751 |
| 650 #0 - SUBJECT ADDED ENTRY--TOPICAL TERM | |
| Topical term or geographic name entry element | Black Muslims |
| Form subdivision | Biography. |
| 9 (RLIN) | 93752 |
| 650 #1 - SUBJECT ADDED ENTRY--TOPICAL TERM | |
| Topical term or geographic name entry element | Black Muslims. |
| 9 (RLIN) | 126111 |
| 650 #0 - SUBJECT ADDED ENTRY--TOPICAL TERM | |
| Topical term or geographic name entry element | African Americans |
| Form subdivision | Biography |
| 9 (RLIN) | 93756 |
| 700 1# - ADDED ENTRY--PERSONAL NAME | |
| Personal name | Shabazz, Attallah |
| 9 (RLIN) | 126108 |
| 700 1# - ADDED ENTRY--PERSONAL NAME | |
| Personal name | Haley, Alex |
| 9 (RLIN) | 125898 |
| 942 ## - ADDED ENTRY ELEMENTS (KOHA) | |
| Source of classification or shelving scheme | |
| Koha item type | Book |
| Withdrawn status | Lost status | Source of classification or shelving scheme | Damaged status | Not for loan | Permanent Location | Current Location | Shelving location | Date acquired | Source of acquisition | Cost, normal purchase price | Full call number | Barcode | Date last seen | Cost, replacement price | Price effective from | Koha item type |
|---|---|---|---|---|---|---|---|---|---|---|---|---|---|---|---|---|
| NUST School of Health Sciences (NSHS) | NUST School of Health Sciences (NSHS) | General Stacks | 09/19/2024 | Donation | 2000.00 | 320.54092 X | NSHS-1791 | 09/19/2024 | 4000.00 | 09/19/2024 | Book |
